000 01060cad a22002055a 4500
001 E146235
008 081217e20081217xxk s000 0 eng d
035 _a(Sirsi) u146235
041 0 _aeng
110 2 _aScotland
_bScottish Government
_95344
245 0 0 _aTenant farming forum
_h[electronic resource]
260 _c2008
490 _aScottish Government News Release
_v17 December 2008
520 _aThe Scottish Government has ruled out extending tenant farmers' "Right to Buy", following a report by the Tenant Farming Forum on the difficulties of attracting new entrants to tenant farming (see E146236). It is felt that fear of an "absolute" right to buy may make landowners reluctant to let out their land to tenant farmers, thus reducing the number of available tenancies.
590 _aKA
651 4 _aScotland
_y1999-
690 _aPROPERTY-LANDLORD AND TENANT-TENANCIES-AGRICULTURAL TENANCIES
856 4 8 _uhttps://www.scotland.gov.uk/News/Releases/2008/12/17131256
_zView the news release free of charge at www.scotland.gov.uk...
942 _n0
999 _c81093
_d81093